| 000 | nam a22 7a 4500 | ||
|---|---|---|---|
| 999 |
_c2388 _d2388 |
||
| 005 | 20170516114827.0 | ||
| 008 | 170516b1983 mau||||| |||| 00| 0 eng d | ||
| 020 | _a0316091847 | ||
| 040 | _aAKMAL | ||
| 082 | _a523 BER | ||
| 090 |
_a523 _bBER |
||
| 100 | 1 |
_a Berman, Louis _94979 |
|
| 245 | 1 | 0 |
_aExploring the cosmos / _cLouis Berman, J.C. Evans |
| 250 | _a4th ed | ||
| 260 |
_aBoston : _bLittle, Brown, _cc1983 |
||
| 300 |
_axi, 543 p., [16] p. of plates : _b ill. ; _c26 cm |
||
| 500 | _aIncludes index | ||
| 650 | 0 |
_a Astronomy _94980 |
|
| 700 | 1 |
_aEvans, J. C. _d1938- _q(John C.), _94981 |
|
| 942 |
_2ddc _cBOOK |
||